000 00735nam a22002770a 4500
001 PT52266
003 AR-LpoUNG
005 20210131231507.0
008 191001s2013||||ag |||||||||||||||||spa d
020 _a9789870411918
_c$37
040 _aAR-LpoUNG
_bspa
_cAR-LpoUNG
_eaacr
041 _aspa
044 _aag
082 0 _aA861 827sal
100 1 _aCortázar, Julio
245 1 0 _aSalvo el crepúsculo
250 _a2da. ed., 1ra. reimpr.
260 _aBuenos Aires :
_bAguilar - Altea - Taurus - Alfaguara,
_c2013.
300 _a330 p. :
_bil., fot.
650 4 _aLITERATURA
650 4 _aPOESIA
651 4 _aDOCUMENTOS TEORICOS O METODOLOGICOS
653 _aLITERATURA ARGENTINA
905 _a52266
942 _cLIB
999 _c10345
_d10345